Vývoj kvality vody vo vybraných vodárenských tokoch

Bibliographic Details
Main Authors: Holobradá, Mária (Author), Šuster, Ladislav (Author), Luther, Svetozár (Author)
Format: Article
Language:Slovak
PhysicalDescription:Res. angl., lit. 2 zázn. v slov.
Subjects:

MARC

LEADER 00000nab a2200000 a 4500
001 vtls000439716
003 SK-MaSNL
005 20260302233957.0
008 120926c1991 xo 0 slo
015 |a SNBRA19rr/mm-uuuuu 
035 |a CL0439844 
040 |a SNKBUCL  |b slo  |c SNKBUCL  |e AACR2 
041 0 |a slo 
044 |a xo  |c SK 
080 |a 628.15  |2 1981 
100 1 |a Holobradá, Mária  |4 aut  |9 968599 
245 1 0 |a Vývoj kvality vody vo vybraných vodárenských tokoch  |c Mária Holobradá, Ladislav Šuster, Svetozár Luther 
300 |b Res. angl., lit. 2 zázn. v slov. 
650 0 7 |a voda  |2 snkbucl  |9 854 
650 0 7 |a toky vodárenské  |2 snkbucl  |9 968600 
655 7 |a články zo zborníkov  |2 snkbucl  |9 166140 
700 1 |a Šuster, Ladislav  |4 aut  |9 315105 
700 1 |a Luther, Svetozár  |4 aut  |9 827305 
773 0 |t Aktuálne otázky kvality vodných zdrojov, ich optimálne využívanie a ochrana  |d Bratislava : Dom techniky ZSVTS, 1991  |g S. 9-10 
850 |a Slovenská národná knižnica v Martine  |a MTA001 
852 |a SNK  |b KIS3GCP 
958 |a RK 
992 |a RZB 
999 |c 1548554  |d 1550484